| 000 | 00529 a2200157 4500 | ||
|---|---|---|---|
| 020 | _a0099286564 | ||
| 024 | _a0099286564 | ||
| 090 |
_c370 _d370 |
||
| 100 | _aPerkowitz, Sidney | ||
| 245 |
_aUniversal Foam: _bThe Story of bubles from cappuccino to the cosmos / _cSindney Perkowitz |
||
| 250 | _a1st Ed. | ||
| 260 |
_aLondon _bVintage _c2001 |
||
| 300 | _g25 cm | ||
| 942 |
_aSNS _cBK _k541.3451 PER |
||
| 999 |
_c29003 _d29003 |
||